00598nam a2200169 4500001000700000003000900007005001700016007000300033008004100036100002700077245011100104260006500215300002100280500005600301710003700357852003400394126285ES-MaACL20230906192807.0t|070214s1951 cu r ||||1| spa d1 aRemos y Rubio, Juan J.13aLa emoción histórica en la prosa de Martí b: discurso / cleído por el Dr. Juan J. Remos y Rubio. aLa Habana : b[s. n.], c1951 (fImp. El Siglo XX : Muñiz) a33 p. ; c25 cm. aPrecede al tít.: Academia de la Historia de Cuba.2 aAcademia de la Historia de Cuba. aES-MaACLj1931-F-12 bR.31366